000 00619nam a2200253Ia 4500
005 20250425162605.0
008 250425s9999 xx 000 0 und d
020 _a9789942922045
041 _aspa
043 _aec
082 _a658
100 _aLASIO, VIRGINIA
245 0 _aEL FUTURO DE LA EDUCACION EN MANAGEMENT EN ECUADOR
250 _a1A ED.
260 _aEcuador
_bESPAE-IDE
_c2013
260 _aGUAYAQUIL
300 _a76
650 _aGESTION-ESTUDIO Y ENSEÑANZA
700 _aJACOME, WILSON
700 _aORDEÑANA, XAVIER
700 _aROBAYO, GABRIEL
942 _c01
010 _a87815
999 _c232350
_d232350